Planètes vs dieux romains - Statistiques

Statistiques générales
  • Ce quiz a été pris 105 fois
  • Le résultat moyen est 7 sur 20
Statistiques - réponses
Hint Explanation Réponse % Correct
Planète rocheuse de couleur rouge dotée de calottes glaciaires Mars Dieu de la guerre
75%
Planète rocheuse avec une atmosphère très dense, dite : l'étoile du berger Vénus Déesse de la beauté et de l'amour
60%
Planète rétrogradée au rang de planète naine Pluton Dieu des Enfers
60%
Planète semblable à la lune, la plus proche du Soleil Mercure Dieu des marchands, des voleurs et des voyageurs
53%
Géante gazeuse célèbre pour sa grande tache rouge Jupiter Roi des dieux, dieu du ciel et du tonnerre
53%
Géante glacée, la plus éloignée de notre étoile Neptune Dieu de la mer et tremblements de terre
50%
Programme spatial visant à envoyer des humains sur la Lune Apollo(n) Dieu des arts
48%
Géante gazeuse célèbre pour ses anneaux de glace Saturne Titan, dieu du temps, a mangé ses enfants
43%
Satellite de Mars Phobos / Deimos Fils d'Arès et Aphrodite, représentant la peur ou la terreur
38%
Satellite de Pluton Charon Passeur des Enfers
33%
Géante dont l'axe de rotation est quasi horizontal Uranus Divinité primordiale du ciel
32%
Plus grand satellite de Neptune Triton Fils d'Amphitrite, mi-homme mi-poisson
30%
Planète naine située dans la ceinture d'astéroïdes Cérès Déesse de l'agriculture
25%
Plus gros satellite d'Uranus Oberon Intrus ne faisant pas partie de la mythologie romaine puisque c'est un personnage de Shakespeare ;-)
25%
Plus grand satellite de Saturne Titan Nom générique désignant les dieux de la génération précédant les Olympiens
23%
Plus grand satellite de Jupiter Ganymède Jeune garçon enlevé par Zeus, échanson des dieux
20%
Planète naine la plus éloignée du Soleil, dans la ceinture de Kuiper Éris Déesse de la discorde
18%
Satellite de Jupiter couvert de volcans Io Prêtresse d'Héra, séduite par Zeus puis changée en vache
17%
Satellite galiléen de Jupiter, le plus éloigné de sa planète parmi les quatre Callisto Nymphe au service d'Artémis, violée par Zeus
15%
Plus petit satellite galiléen de Jupiter, couvert de glace Europe Princesse enlevée par Zeus changé en taureau
15%
Aucun quiz correspondant
Distribution des résultats
% des personnes avec chaque résultat
Percentile par nombre de réponses
Votre historique - résultats
Vous n’avez pas pris ce quiz